<?xml version="1.0" encoding="UTF-8"?>
<record
    xmlns:xsi="http://www.w3.org/2001/XMLSchema-instance"
    xsi:schemaLocation="http://www.loc.gov/MARC21/slim http://www.loc.gov/standards/marcxml/schema/MARC21slim.xsd"
    xmlns="http://www.loc.gov/MARC21/slim">

  <leader>01255nam a22002057a 4500</leader>
  <controlfield tag="003">BDDh-ASL</controlfield>
  <controlfield tag="005">20231015031331.0</controlfield>
  <controlfield tag="008">201028s2021    b  ||||| |||| 00| 0 b   d</controlfield>
  <datafield tag="040" ind1=" " ind2=" ">
    <subfield code="a">BDDh-ASL</subfield>
    <subfield code="c">BDDh-ASL</subfield>
  </datafield>
  <datafield tag="041" ind1=" " ind2=" ">
    <subfield code="a">bengali </subfield>
  </datafield>
  <datafield tag="082" ind1=" " ind2=" ">
    <subfield code="a">928</subfield>
    <subfield code="b">SHI</subfield>
  </datafield>
  <datafield tag="245" ind1="1" ind2="0">
    <subfield code="a">&#x9B6;&#x9BF;&#x9B2;&#x9CD;&#x9AA;&#x9C0; &#x9B6;&#x9B6;&#x9BF;&#x9AD;&#x9C2;&#x9B7;&#x9A3; &#x9AA;&#x9BE;&#x9B2; &#x9B8;&#x9CD;&#x9AE;&#x9BE;&#x9B0;&#x995;&#x997;&#x9CD;&#x9B0;&#x9A8;&#x9CD;&#x9A5; /</subfield>
  </datafield>
  <datafield tag="246" ind1=" " ind2=" ">
    <subfield code="a">Shilpi Shoshibhushan Pal Sarokgrantha </subfield>
  </datafield>
  <datafield tag="260" ind1=" " ind2=" ">
    <subfield code="a">&#x9A2;&#x9BE;&#x995;&#x9BE;: </subfield>
    <subfield code="b">&#x996;&#x9C1;&#x9B2;&#x9A8;&#x9BE; &#x9AC;&#x9BF;&#x9B6;&#x9CD;&#x9AC;&#x9AC;&#x9BF;&#x9A6;&#x9CD;&#x9AF;&#x9BE;&#x9B2;&#x9AF;&#x9BC;, </subfield>
    <subfield code="c">&#x9E8;&#x9E6;&#x9E8;&#x9E7;&#x964; </subfield>
  </datafield>
  <datafield tag="300" ind1=" " ind2=" ">
    <subfield code="a">&#x9E7;&#x9EF;&#x9EF; &#x9AA;&#x9C3;. :</subfield>
    <subfield code="c">&#x9E8;&#x9E8; &#x9B8;&#x9C7;. &#x9AE;&#x9BF;.</subfield>
    <subfield code="b">&#x9B0;&#x999;&#x9BF;&#x9A8; &#x99B;&#x9AC;&#x9BF;; </subfield>
  </datafield>
  <datafield tag="600" ind1="1" ind2="0">
    <subfield code="a">&#x995;&#x9C1;&#x9A6;&#x9CD;&#x9A6;&#x9C1;&#x9B8;, &#x9AE;&#x9CB;&#x9B9;&#x9BE;&#x9AE;&#x9CD;&#x9AE;&#x9A6; &#x986;&#x9AC;&#x9A6;&#x9C1;&#x9B2; </subfield>
    <subfield code="9">1308</subfield>
  </datafield>
  <datafield tag="650" ind1=" " ind2="0">
    <subfield code="a">Commemoration Volume (&#x9B8;&#x9CD;&#x9AE;&#x9BE;&#x9B0;&#x995;&#x997;&#x9CD;&#x9B0;&#x9A8;&#x9CD;&#x9A5;), Memoirs, &#x9B8;&#x9CD;&#x9AE;&#x9BE;&#x9B0;&#x995;&#x997;&#x9CD;&#x9B0;&#x9A8;&#x9CD;&#x9A5;, Sm&#x101;rakagrantha, Souvenir, &#x9B8;&#x9CD;&#x9AE;&#x9B0;&#x9A3;&#x9BF;&#x995;, &#x9B8;&#x9CD;&#x9AE;&#x9BE;&#x9B0;&#x995;&#x997;&#x9CD;&#x9B0;&#x9A8;&#x9CD;&#x9A5;, &#x9B8;&#x9CD;&#x9AE;&#x9C3;&#x9A4;&#x9BF;&#x995;&#x9A5;&#x9BE;, Smr&#x325;tikath&#x101;,  Memoirs, Reminiscences, &#x9B8;&#x9CD;&#x9AE;&#x9B0;&#x9A3;&#x9BF;&#x995;&#x9BE;, Smara&#x1E47;ik&#x101;, Souvenir, &#x9B8;&#x9CD;&#x9AF;&#x9C1;&#x9AD;&#x9C7;&#x9A8;&#x9BF;&#x9B0;, &#x985;&#x9AD;&#x9BF;&#x99C;&#x9CD;&#x99E;&#x9BE;&#x9A8;, Syubh&#x113;nira, so&#x35E;ov&#x259;&#x2C8;nir, memorial, souvenir, remembrancer</subfield>
    <subfield code="9">4668</subfield>
  </datafield>
  <datafield tag="700" ind1="1" ind2=" ">
    <subfield code="a">&#x9AD;&#x9C2;&#x981;&#x99E;&#x9BE;, &#x9AE;&#x9CB;. &#x9B6;&#x9C7;&#x996; &#x9B8;&#x9BE;&#x9A6;&#x9C0;</subfield>
    <subfield code="c">&#x9AD;&#x9BE;&#x9B8;&#x9CD;&#x995;&#x9B0;</subfield>
    <subfield code="9">8006</subfield>
  </datafield>
  <datafield tag="942" ind1=" " ind2=" ">
    <subfield code="2">ddc</subfield>
    <subfield code="c">BK</subfield>
  </datafield>
  <datafield tag="952" ind1=" " ind2=" ">
    <subfield code="0">0</subfield>
    <subfield code="1">0</subfield>
    <subfield code="2">ddc</subfield>
    <subfield code="4">0</subfield>
    <subfield code="7">0</subfield>
    <subfield code="8">NFIC</subfield>
    <subfield code="a">ASL</subfield>
    <subfield code="b">ASL</subfield>
    <subfield code="c">GEN</subfield>
    <subfield code="d">2023-04-12</subfield>
    <subfield code="e">Complimentary</subfield>
    <subfield code="l">0</subfield>
    <subfield code="o">928 SHI</subfield>
    <subfield code="p">120710</subfield>
    <subfield code="r">2023-04-12 00:00:00</subfield>
    <subfield code="t">C-1</subfield>
    <subfield code="w">2023-04-12</subfield>
    <subfield code="y">BK</subfield>
    <subfield code="z">Y-2021</subfield>
  </datafield>
  <datafield tag="999" ind1=" " ind2=" ">
    <subfield code="c">31945</subfield>
    <subfield code="d">31945</subfield>
  </datafield>
</record>
